000
00250nam a22001097a 4500
082
_a
823
_b
BHA/R
100
_a
BHANOT, T R
245
_a
RAMAYANA-3, AYODHYA
246
_a
RAMAYANA-3, AYODHYA
_b
RAMAYANA-3, AYODHYA
650
_a
ENGLISH STORY
942
_c
BK
999
_c
8788
_d
8788